F1 2026 Calendar - Statistics

Statistiche generali
  • Questo quiz è stato fatto 32 volte
  • Il punteggio medio è 19 su 24
Statistiche sulle risposte
Hint Risposta % Corretto
R1 Australia
96%
R15 Italy
96%
R2 China
93%
R9 Spain
93%
R12 Belgium
89%
R21 Brazil
85%
R19 USA
85%
R7 Canada
81%
R3 Japan
81%
R6 Miami
81%
R8 Monaco
81%
R23 Qatar
81%
R24 Abu Dhabi
78%
R20 Mexico
78%
R4 Bahrain
74%
R13 Hungary
74%
R14 Netherlands
74%
R5 Saudi Arabia
74%
R11 Great Britain
70%
R22 Las Vegas
70%
R10 Austria
67%
R17 Azerbaijan
67%
R16 Madrid
67%
R18 Singapore
59%
Nessun quiz corrispondente trovato
Distribuzione punteggi
Percentuale di utenti per punteggio
Percentile per numero di risposta
I tuoi punteggi nel tempo
Non hai fatto questo quiz